Slaughter Albums - Statistics

General Stats
  • This quiz has been taken 3 times
  • The average score is 4 of 9
Answer Stats
Hint Albums % Correct
1989 Stick It To Ya
100%
1992 The Wild Life
100%
1995 Fear No Evil
67%
1990 Stick It Live
67%
1998 Eternal Live
33%
1997 Revolution
33%
1999 Back To Reality
0%
1995 Mass Slaughter
0%
2008 The Best Of Slaughter
0%
No matching quizzes found
Score Distribution
Percent of People with Each Score
Percentile by Number Answered
Your Score History
You have not taken this quiz